书目信息 |
| 题名: |
心动过速的诊断和治疗
|
|
| 作者: | 张文博 黄元铸 主编 | |
| 分册: | ||
| 出版信息: | 北京 科学技术文献出版社 1993.07 |
|
| 页数: | 382页 | |
| 开本: | 32开 | |
| 丛书名: | ||
| 单 册: | ||
| 中图分类: | R541.71 | |
| 科图分类: | ||
| 主题词: | 心脏血管疾病 | |
| 电子资源: | ||
| ISBN: | 7-5023-1945-X | |
| 000 | 00611nam0 2200193 45 | |
| 001 | 0011251192 | |
| 005 | 20001125112135.3 | |
| 010 | @a7-5023-1945-X@d18.40元 | |
| 100 | @a20001125d1993 km y0chiy0120 ea | |
| 101 | 0 | @achi |
| 105 | @a z 000yy | |
| 200 | 1 | @a心动过速的诊断和治疗@AXin Dong Guo Su De Zhen Duan He Zhi Liao@f张文博 黄元铸 主编@FZhang Wen Bo Huang Yuan Zhu Zhu Bian |
| 210 | @a北京@c科学技术文献出版社@d1993.07 | |
| 215 | @a382页@d32开 | |
| 606 | 0 | @a心脏血管疾病 |
| 690 | @aR541.71@v3 | |
| 701 | 0 | @a张文博 黄元铸@4主编 |
| 801 | @aCN@bPftUser@c20001125 | |
| 905 | @b503686-687@dR541.71@eZH073@f2 | |
| 心动过速的诊断和治疗/张文博 黄元铸 主编.-北京:科学技术文献出版社,1993.07 |
| 382页;32开 |
| ISBN 7-5023-1945-X:18.40元 |
| ● |
| 相关链接 |
|
|
|
正题名:心动过速的诊断和治疗
索取号:R541.71/ZH073
 
预约/预借
| 序号 | 登录号 | 条形码 | 馆藏地/架位号 | 状态 | 备注 |
| 1 | 503686 | 205036860 | 自科库401/401自科库 18排3列2层/ [索取号:R541.71/ZH073] | 在馆 | |
| 2 | 503687 | 205036879 | 自科库401/401自科库 18排3列2层/ [索取号:R541.71/ZH073] | 在馆 |